30和歌山県の市町村 - Statistics

General Stats
  • This quiz has been taken 87 times
    83 since last reset
  • The average score is 17 of 30
Answer Stats
Answer % Correct
和歌山市
100%
田辺市
91%
新宮市
87%
橋本市
85%
紀の川市
83%
海南市
79%
岩出市
79%
御坊市
77%
有田市
72%
西牟婁郡白浜町
49%
東牟婁郡那智勝浦町
47%
東牟婁郡太地町
47%
東牟婁郡北山村
47%
海草郡紀美野町
45%
有田郡有田川町
45%
日高郡日高川町
45%
西牟婁郡上富田町
45%
西牟婁郡すさみ町
45%
東牟婁郡古座川町
45%
東牟婁郡串本町
45%
伊都郡かつらぎ町
43%
伊都郡九度山町
40%
伊都郡高野町
40%
有田郡湯浅町
40%
有田郡広川町
40%
日高郡美浜町
40%
日高郡日高町
40%
日高郡印南町
38%
日高郡みなべ町
38%
日高郡由良町
36%
No matching quizzes found
Score Distribution
Percent of People with Each Score
Percentile by Number Answered
Your Score History
You have not taken this quiz since the last reset